000 00770nam a2200217Ia 4500
003 GCL
008 140319s9999 xx 000 0 ara d
020 _a823215977
040 _aGCL /
_cGCL
082 0 4 _a302.3
_bع م
100 1 _aعبداللطيف محمد خليفة
245 1 0 _aمقدمة فى ديناميات الجماعة /
_cعبداللطيف محمد خليفة
250 _aالاولى
260 _aالقاهرة :
_bدار غريب للطباعة والنشر والتوزيع ،
_c2005
300 _a247ص ؛
_c24سم
650 0 4 _aالضبط الاجتماعى
650 0 4 _aالعمل الجماعى
650 0 4 _aالتفاعل الاجتماعى
650 0 4 _aالجماعات- الحياة اللإجتماعية
942 _2ddc
_cBK
999 _c30067
_d30067